UBT Library

The heart of a child. (Record no. 41773)

000 -LEADER
fixed length control field 00419cam a2200181u 4500
001 - CONTROL NUMBER
control field 7371021
005 - DATE AND TIME OF LATEST TRANSACTION
control field 20180205073645.0
008 - FIXED-LENGTH DATA ELEMENTS--GENERAL INFORMATION
fixed length control field 820909s1938 inu j 000 0 eng
010 ## - LIBRARY OF CONGRESS CONTROL NUMBER
LC control number 38010699
040 ## - CATALOGING SOURCE
Original cataloging agency DLC
Transcribing agency CarP
Modifying agency DLC
041 ## - LANGUAGE CODE
Language code of text/sound track or separate title eng
080 ## - UNIVERSAL DECIMAL CLASSIFICATION NUMBER
Universal Decimal Classification number 574 gra
100 1# - Rafti
Rafti 9
101 ## - Shkurtesa
Shkurtesa mje
245 04 - TITLE STATEMENT
Title The heart of a child.
906 ## - LOCAL DATA ELEMENT F, LDF (RLIN)
a 0
b cbc
c premunv
d u
e ncip
f 19
g y-gencatlg
942 ## - ADDED ENTRY ELEMENTS (KOHA)
Source of classification or shelving scheme
Item type Books

No items available.

UBT Library © 2015-2024. All rights reserved University Education for Business and Technology